Normal view
MARC view
Entry Personal Name
001 - CONTROL NUMBER
- control field: 40067
003 - CONTROL NUMBER IDENTIFIER
- control field: dpl
005 - DATE AND TIME OF LATEST TRANSACTION
- control field: 20120124130121.0
008 - FIXED-LENGTH DATA ELEMENTS
- fixed length control field: 120124|||a|||||| | ||| d
040 ## - CATALOGING SOURCE
- Original cataloging agency: dpl
- Transcribing agency: dpl
100 ## - HEADING--PERSONAL NAME
- Personal name: वर्मा, श्यामजी
670 ## - SOURCE DATA FOUND
- Source citation: Work cat.: (dpl): वर्मा, श्यामजी, हितोपदेश की कहानियाँ /, 2011
670 ## - SOURCE DATA FOUND
- Source citation: Work cat.: (dpl): वर्मा, श्यामजी, हितोपदेश की कहानियाँ /, 2011
